La poesía sagrada hebraicoespañola / (Record no. 104423)
[ view plain ]
| 000 -LEADER | |
|---|---|
| campo de control de longitud fija | 00808nam a2200205 i 4500 |
| 001 - NÚMERO DE CONTROL | |
| campo de control | 104423 |
| 003 - IDENTIFICADOR DE NÚMERO DE CONTROL | |
| campo de control | ES-MaACL |
| 005 - FECHA Y HORA DE LA ÚLTIMA TRANSACCIÓN | |
| campo de control | 20250824063040.0 |
| 007 - CAMPO FIJO DE DESCRIPCIÓN FÍSICA--INFORMACIÓN GENERAL | |
| campo de control de longitud fija | t| |
| 008 - DATOS DE LONGITUD FIJA--INFORMACIÓN GENERAL | |
| campo de control de longitud fija | 051130s1940 sp |||| | spa d |
| 100 1# - ENTRADA PRINCIPAL--NOMBRE DE PERSONA | |
| Nombre de persona | Millás Vallicrosa, José María, |
| Fechas asociadas al nombre | 1888-1970 |
| 9 (RLIN) | 81191 |
| 245 13 - MENCIÓN DEL TÍTULO | |
| Título | La poesía sagrada hebraicoespañola / |
| Mención de responsabilidad, etc. | por José Mª Millás Vallicrosa. |
| 260 ## - PUBLICACIÓN, DISTRIBUCIÓN, ETC. | |
| Lugar de publicación, distribución, etc. | Madrid : |
| Nombre del editor, distribuidor, etc. | Consejo Superior de Investigaciones Científicas, Patronato Marcelino Menéndez Pelayo. Instituto Arias Montano. Escuela de Estudios Hebraicos, |
| Fecha de publicación, distribución, etc. | 1940. |
| 300 ## - DESCRIPCIÓN FÍSICA | |
| Extensión | XII, 367 p., 1 retr. ; |
| Dimensiones | 28 cm. |
| 599 ## - NOTA A LAS ILUSTRACIONES | |
| NOTA A LAS ILUSTRACIONES | Retr. de Francisco Franco. |
| 650 #4 - PUNTO DE ACCESO ADICIONAL DE MATERIA--TÉRMINO DE MATERIA | |
| Término de materia o nombre geográfico como elemento de entrada | Poesía sefardí- |
| Subdivisión general | Historia y crítica. |
| 9 (RLIN) | 146941 |
| 710 2# - ENTRADA AGREGADA--NOMBRE DE ENTIDAD CORPORATIVA | |
| Nombre de entidad corporativa o nombre de jurisdicción como elemento de entrada | Instituto "Arias Montano" |
| 9 (RLIN) | 4797 |
| 852 ## - LOCALIZACIÓN | |
| Ubicación | ES-MaACL |
| Número de control de estantería | C-12864 |
| Estatus retirado | Estado de pérdida | Estado de daño | No para préstamo | Biblioteca de origen | Biblioteca actual | Ubicación en estantería | Fecha de adquisición | Fuente de adquisición | Total de préstamos | Signatura topográfica completa | Código de barras | Visto por última vez | Precio de reemplazo | Tipo de ítem Koha |
|---|---|---|---|---|---|---|---|---|---|---|---|---|---|---|
| Biblioteca del Ateneo de Madrid | Biblioteca del Ateneo de Madrid | Sala Palomar | 17/01/2008 | C-12864 | 1109027 | 23/02/2023 | 23/02/2023 | Libro impreso |
